| 000 | 00353nmm a2200145 a 4500 | ||
|---|---|---|---|
| 003 | AR-BaBNM | ||
| 005 | 20251128203134.0 | ||
| 008 | 044019s1908 ||||||||||||||000 | spa|| | ||
| 040 | _cAR-BaBNM | ||
| 100 | 1 | _aMaspero, G. | |
| 245 | 1 | 0 |
_aNovisima historia universal _n1 |
| 260 |
_a[S.l.] _bEspaƱola-Americana _c1908 |
||
| 942 | _cBK | ||
| 998 | _cArchipretre | ||
| 999 |
_c2083 _d2083 |
||